Văn hóa ẩm thực huyện Đồng Xuân
Đã lưu trong:
| 主要作者: | |
|---|---|
| 格式: | 圖書 |
| 語言: | Vietnamese |
| 出版: |
H.
Thanh niên
2011
|
| 叢編: | ĐTTS ghi: Hội văn nghệ dân gian Việt Nam
|
| 標簽: |
添加標簽
沒有標簽, 成為第一個標記此記錄!
|
| Thư viện lưu trữ: | Mạng thư viện Đại học Đà Nẵng |
|---|
| LEADER | 00696nam a2200253 4500 | ||
|---|---|---|---|
| 001 | 000016064 | ||
| 003 | 12453 | ||
| 005 | 20120718080747.0 | ||
| 008 | 120718s2011 viesd | ||
| 041 | 0 | |a vie | |
| 082 | |a 394.159755 |b NG-H | ||
| 100 | 0 | |a Nguyễn Văn Hiền | |
| 245 | 0 | |a Văn hóa ẩm thực huyện Đồng Xuân |c Nguyễn Văn Hiền | |
| 260 | |a H. |b Thanh niên |c 2011 | ||
| 300 | |a 186 tr. |c 21 cm. | ||
| 490 | |a ĐTTS ghi: Hội văn nghệ dân gian Việt Nam | ||
| OWN | |a LSP | ||
| 999 | |a From the UDN01 | ||
| TYP | |a Monograph | ||
| TYP | |a Printed language | ||
| 980 | |a Mạng thư viện Đại học Đà Nẵng | ||